[Event "Deutsche Ländermeisterschaft 2024"]
[Site "Tübingen GER"]
[Date "2024.10.04"]
[Round "3"]
[White "Schwarzfischer, Julia"]
[Black "Fischermann, Simon"]
[Result "0-1"]
[Termination "normal"]
[Board "1.7"]
[WhiteElo "1788"]
[BlackElo "1873"]
[WhiteClock "00:01:20"]
[BlackClock "00:52:33"]
[WhiteTeam "Bayern"]
[BlackTeam "Nordrhein-Westfalen"]
[PlyCount "86"]
[WhiteFideId "16268105"]
[BlackFideId "34620869"]
[EventCountry "GER"]
[EventRounds "7"]
[EventType "team-swiss"]
[EventDate "2024.10.02"]

1. e4 {[%clk 01:30:59]} e5 {[%clk 01:30:59]} {[%emt 00:00:02]} 2. Bc4 {[%clk
01:31:23]} {[%emt 00:00:05]} Nc6 {[%clk 01:31:22]} {[%emt 00:00:07]} 3. Nf3
{[%clk 01:31:44]} {[%emt 00:00:09]} Nf6 {[%clk 01:31:46]} {[%emt 00:00:06]} 4.
d3 {[%clk 01:32:12]} {[%emt 00:00:03]} a6 {[%clk 01:32:12]} {[%emt 00:00:05]}
5. c3 {[%clk 01:32:34]} {[%emt 00:00:07]} Bc5 {[%clk 01:32:30]} {[%emt
00:00:12]} 6. a4 {[%clk 01:31:14]} {[%emt 00:01:50]} d6 {[%clk 01:32:28]}
{[%emt 00:00:32]} 7. Bg5 {[%clk 01:29:41]} {[%emt 00:02:03]} O-O {[%clk
01:29:25]} {[%emt 00:03:32]} 8. O-O {[%clk 01:23:03]} {[%emt 00:07:09]} Bg4
{[%clk 01:29:08]} {[%emt 00:00:46]} 9. Nbd2 {[%clk 01:18:55]} {[%emt 00:04:39]}
Qe7 {[%clk 01:28:26]} {[%emt 00:01:11]} 10. h3 {[%clk 01:18:20]} {[%emt
00:01:05]} Bh5 {[%clk 01:28:36]} {[%emt 00:00:21]} 11. Re1 {[%clk 01:16:43]}
{[%emt 00:02:06]} Nd8 {[%clk 01:28:28]} {[%emt 00:00:38]} 12. Nf1 {[%clk
01:11:50]} {[%emt 00:05:24]} Ne6 {[%clk 01:28:34]} {[%emt 00:00:25]} 13. Bh4
{[%clk 01:08:50]} {[%emt 00:03:29]} c6 {[%clk 01:28:00]} {[%emt 00:01:04]} 14.
Ng3 {[%clk 01:05:23]} {[%emt 00:03:56]} Bg6 {[%clk 01:27:40]} {[%emt 00:00:52]}
15. b4 {[%clk 01:03:45]} {[%emt 00:02:07]} Ba7 {[%clk 01:28:01]} {[%emt
00:00:08]} 16. Qc2 {[%clk 00:57:27]} {[%emt 00:06:48]} Nf4 {[%clk 01:26:41]}
{[%emt 00:01:49]} 17. Rad1 {[%clk 00:52:04]} {[%emt 00:05:55]} Rfe8 {[%clk
01:23:50]} {[%emt 00:03:21]} 18. Qc1 {[%clk 00:49:35]} {[%emt 00:02:56]} N4h5
{[%clk 01:21:06]} {[%emt 00:03:15]} 19. Ne2 {[%clk 00:45:12]} {[%emt 00:04:55]}
Qd7 {[%clk 01:19:18]} {[%emt 00:02:17]} 20. Kh2 {[%clk 00:37:48]} {[%emt
00:07:54]} d5 {[%clk 01:17:29]} {[%emt 00:02:20]} 21. exd5 {[%clk 00:35:57]}
{[%emt 00:02:21]} cxd5 {[%emt 00:00:28]} 22. Bb3 {[%clk 00:36:05]} {[%emt
00:00:01]} Bb8 {[%clk 01:17:19]} {[%emt 00:01:03]} 23. Ng3 {[%clk 00:30:33]}
{[%emt 00:06:01]} Bc7 {[%clk 01:10:02]} {[%emt 00:07:47]} 24. c4 {[%clk
00:24:38]} {[%emt 00:06:25]} Rac8 {[%clk 01:09:19]} {[%emt 00:01:13]} 25. Qb2
{[%clk 00:20:59]} {[%emt 00:04:09]} e4 {[%clk 01:05:40]} {[%emt 00:04:09]} 26.
dxe4 {[%clk 00:19:30]} {[%emt 00:02:00]} Bxe4 {[%clk 01:05:53]} {[%emt
00:00:16]} 27. Ng5 {[%clk 00:12:42]} {[%emt 00:07:17]} Bxg2 {[%clk 00:56:28]}
{[%emt 00:09:56]} 28. Rxe8+ {[%clk 00:10:55]} {[%emt 00:02:17]} Rxe8 {[%clk
00:56:16]} {[%emt 00:00:42]} 29. Kxg2 {[%clk 00:10:39]} {[%emt 00:00:45]} Nf4+
{[%emt 00:06:08]} 30. Kg1 {[%clk 00:04:33]} {[%emt 00:00:55]} h6 {[%clk
00:56:32]} {[%emt 00:00:18]} 31. Bc2 {[%clk 00:04:08]} {[%emt 00:03:53]} hxg5
32. Bf5 {[%emt 00:02:51]} Nxh3+ {[%clk 00:52:10]} {[%emt 00:00:03]} 33. Kf1
{[%clk 00:03:12]} {[%emt 00:01:27]} Qxa4 {[%clk 00:51:56]} {[%emt 00:00:44]}
34. Ra1 {[%clk 00:03:19]} {[%emt 00:00:23]} Qc6 {[%clk 00:52:10]} {[%emt
00:00:15]} 35. Bxh3 {[%clk 00:02:50]} {[%emt 00:01:00]} Qxc4+ {[%clk 00:52:21]}
{[%emt 00:00:19]} 36. Kg1 {[%clk 00:02:22]} {[%emt 00:00:58]} Qxh4 {[%clk
00:51:04]} {[%emt 00:01:46]} 37. Bg2 {[%clk 00:00:40]} {[%emt 00:02:13]} Bxg3
{[%clk 00:50:57]} {[%emt 00:00:36]} 38. fxg3 {[%clk 00:01:05]} {[%emt
00:00:05]} Qxg3 {[%clk 00:51:19]} {[%emt 00:00:08]} 39. Qb1 {[%clk 00:00:55]}
{[%emt 00:00:41]} Ng4 {[%clk 00:51:22]} {[%emt 00:00:26]} 40. Qd1 {[%clk
00:00:42]} {[%emt 00:00:40]} Qh2+ {[%clk 00:51:41]} {[%emt 00:00:14]} 41. Kf1
{[%clk 00:01:04]} {[%emt 00:00:08]} Ne3+ {[%clk 00:52:10]} {[%emt 00:00:02]}
42. Kf2 {[%clk 00:00:55]} {[%emt 00:00:39]} Qxg2+ {[%clk 00:52:33]} {[%emt
00:00:06]} 43. Ke1 {[%clk 00:01:20]} {[%emt 00:00:04]} Nc2# {[%emt 00:00:09]}
0-1

[Event "Deutsche Ländermeisterschaft 2024"]
[Site "Tübingen GER"]
[Date "2024.10.04"]
[Round "3"]
[White "Peglau, Paul David"]
[Black "Yin, Vito"]
[Result "1/2-1/2"]
[Termination "normal"]
[Board "3.5"]
[WhiteElo "1866"]
[BlackElo "1855"]
[WhiteClock "00:16:38"]
[BlackClock "00:02:46"]
[WhiteTeam "Sachsen"]
[BlackTeam "Baden"]
[PlyCount "144"]
[WhiteFideId "16290550"]
[BlackFideId "34601759"]
[EventCountry "GER"]
[EventRounds "7"]
[EventType "team-swiss"]
[EventDate "2024.10.02"]

1. d4 {[%clk 01:30:57]} {[%emt 00:00:03]} Nf6 {[%clk 01:30:53]} {[%emt
00:00:07]} 2. c4 {[%clk 01:31:20]} {[%emt 00:00:07]} e6 {[%clk 01:31:20]}
{[%emt 00:00:04]} 3. Nc3 {[%clk 01:31:32]} {[%emt 00:00:18]} d5 {[%clk
01:31:40]} {[%emt 00:00:10]} 4. Nf3 {[%clk 01:31:55]} {[%emt 00:00:06]} Bb4
{[%clk 01:30:54]} {[%emt 00:01:16]} 5. e3 {[%clk 01:31:32]} {[%emt 00:00:54]}
c5 {[%clk 01:31:14]} {[%emt 00:00:09]} 6. cxd5 {[%clk 01:27:11]} {[%emt
00:04:50]} Nxd5 {[%clk 01:29:32]} {[%emt 00:02:13]} 7. Bd2 {[%clk 01:24:59]}
{[%emt 00:02:42]} cxd4 {[%clk 01:27:51]} {[%emt 00:02:11]} 8. Nxd5 {[%clk
01:17:58]} {[%emt 00:07:31]} Bxd2+ {[%clk 01:27:55]} {[%emt 00:00:26]} 9. Qxd2
{[%clk 01:17:05]} {[%emt 00:01:24]} Qxd5 {[%clk 01:27:44]} {[%emt 00:00:41]}
10. Qxd4 {[%clk 01:13:04]} {[%emt 00:04:31]} O-O {[%clk 01:18:13]} {[%emt
00:09:59]} 11. Qxd5 {[%clk 01:11:18]} {[%emt 00:02:18]} exd5 {[%clk 01:18:41]}
{[%emt 00:00:02]} 12. Be2 {[%clk 01:09:31]} {[%emt 00:02:16]} Nc6 {[%clk
01:18:35]} {[%emt 00:00:36]} 13. O-O {[%clk 01:08:42]} {[%emt 00:01:19]} Bf5
{[%clk 01:16:45]} {[%emt 00:02:20]} 14. Rfd1 {[%clk 01:06:52]} {[%emt
00:02:21]} Rad8 {[%clk 01:16:15]} {[%emt 00:00:59]} 15. h3 {[%clk 00:59:01]}
{[%emt 00:08:21]} Rfe8 {[%clk 01:07:24]} {[%emt 00:09:21]} 16. Nd4 {[%clk
00:57:05]} {[%emt 00:02:26]} Bg6 {[%clk 01:06:53]} {[%emt 00:01:01]} 17. Rac1
{[%clk 00:45:50]} {[%emt 00:11:45]} h6 {[%clk 00:53:07]} {[%emt 00:14:16]} 18.
Bf3 {[%clk 00:37:48]} {[%emt 00:08:32]} Nb4 {[%clk 00:33:54]} {[%emt 00:19:43]}
19. Rc7 {[%clk 00:25:58]} {[%emt 00:12:20]} Rb8 {[%clk 00:31:27]} {[%emt
00:02:57]} 20. Nb5 {[%clk 00:16:22]} {[%emt 00:10:06]} Bd3 {[%clk 00:22:14]}
{[%emt 00:09:43]} 21. Nd6 {[%clk 00:14:16]} {[%emt 00:02:36]} Re6 {[%clk
00:21:16]} {[%emt 00:01:28]} 22. Rxb7 {[%clk 00:10:36]} {[%emt 00:04:11]} Rxb7
{[%clk 00:16:50]} {[%emt 00:04:55]} 23. Nxb7 {[%clk 00:11:02]} {[%emt
00:00:04]} Bc2 {[%clk 00:14:46]} {[%emt 00:02:34]} 24. Rd2 {[%clk 00:09:06]}
{[%emt 00:02:27]} Rb6 {[%clk 00:13:57]} {[%emt 00:01:18]} 25. Na5 {[%clk
00:05:46]} {[%emt 00:03:50]} Be4 {[%clk 00:11:56]} {[%emt 00:02:31]} 26. a3
{[%clk 00:01:43]} {[%emt 00:04:34]} Bxf3 {[%clk 00:08:45]} {[%emt 00:03:40]}
27. gxf3 {[%clk 00:01:51]} {[%emt 00:00:23]} Na6 {[%clk 00:08:47]} {[%emt
00:00:28]} 28. b4 {[%clk 00:01:35]} {[%emt 00:00:46]} Nc7 {[%clk 00:09:09]}
{[%emt 00:00:07]} 29. Rc2 {[%clk 00:00:40]} {[%emt 00:01:26]} Nb5 {[%clk
00:08:24]} {[%emt 00:01:15]} 30. a4 {[%clk 00:00:37]} {[%emt 00:00:33]} Na3
{[%clk 00:08:53]} {[%emt 00:00:01]} 31. Rb2 {[%clk 00:00:31]} {[%emt 00:00:35]}
f5 {[%clk 00:08:30]} {[%emt 00:00:53]} 32. b5 {[%clk 00:00:33]} {[%emt
00:00:28]} a6 {[%clk 00:08:38]} {[%emt 00:00:22]} 33. Ra2 {[%clk 00:00:32]}
{[%emt 00:00:32]} Nb1 {[%clk 00:07:18]} {[%emt 00:01:49]} 34. bxa6 {[%clk
00:00:33]} {[%emt 00:00:29]} Rxa6 {[%clk 00:07:38]} {[%emt 00:00:10]} 35. Rb2
{[%emt 00:00:33]} Nc3 {[%clk 00:07:15]} {[%emt 00:00:51]} 36. Rb8+ {[%clk
00:00:32]} {[%emt 00:00:30]} Kh7 {[%clk 00:06:48]} {[%emt 00:00:57]} 37. Nb3
{[%clk 00:00:33]} {[%emt 00:00:29]} Nxa4 {[%clk 00:06:24]} {[%emt 00:00:55]}
38. Rb5 {[%clk 00:00:33]} {[%emt 00:00:30]} Rb6 {[%clk 00:04:50]} {[%emt
00:02:03]} 39. Rxb6 {[%clk 00:00:35]} {[%emt 00:00:29]} Nxb6 {[%clk 00:05:18]}
{[%emt 00:00:01]} 40. Kg2 {[%clk 00:00:35]} {[%emt 00:00:30]} g5 {[%clk
00:05:13]} {[%emt 00:00:36]} 41. Kg3 {[%clk 00:29:23]} {[%emt 00:01:41]} Kg6
{[%clk 00:34:53]} {[%emt 00:00:50]} 42. f4 {[%clk 00:28:55]} {[%emt 00:00:58]}
Nc4 {[%clk 00:34:41]} {[%emt 00:00:42]} 43. fxg5 {[%clk 00:27:27]} {[%emt
00:01:58]} hxg5 {[%clk 00:35:00]} {[%emt 00:00:10]} 44. h4 {[%clk 00:26:09]}
{[%emt 00:01:49]} Nd6 {[%clk 00:33:42]} {[%emt 00:01:48]} 45. hxg5 {[%clk
00:25:47]} {[%emt 00:00:52]} Kxg5 {[%clk 00:32:18]} {[%emt 00:01:54]} 46. f4+
{[%clk 00:24:22]} {[%emt 00:01:55]} Kf6 {[%clk 00:31:36]} {[%emt 00:01:07]} 47.
Nd4 {[%clk 00:24:30]} {[%emt 00:00:27]} Nc4 {[%clk 00:26:15]} {[%emt 00:05:50]}
48. Kf3 {[%clk 00:24:45]} {[%emt 00:00:16]} Nd6 {[%clk 00:23:43]} {[%emt
00:03:02]} 49. Ke2 {[%clk 00:25:03]} {[%emt 00:00:12]} Ne4 {[%clk 00:21:45]}
{[%emt 00:02:28]} 50. Kd3 {[%clk 00:25:06]} {[%emt 00:00:26]} Nc5+ {[%clk
00:19:29]} {[%emt 00:02:47]} 51. Kc3 {[%clk 00:24:44]} {[%emt 00:00:52]} Ne4+
{[%clk 00:13:05]} {[%emt 00:06:54]} 52. Kb4 {[%clk 00:24:39]} {[%emt 00:00:35]}
Nd6 {[%clk 00:13:27]} {[%emt 00:00:08]} 53. Kc5 {[%clk 00:23:25]} {[%emt
00:01:43]} Nc4 {[%clk 00:13:46]} {[%emt 00:00:11]} 54. Nc2 {[%clk 00:23:20]}
{[%emt 00:00:36]} Ke6 {[%clk 00:13:05]} {[%emt 00:01:11]} 55. Kc6 {[%clk
00:22:39]} {[%emt 00:01:12]} Na5+ {[%clk 00:12:23]} {[%emt 00:01:12]} 56. Kb5
{[%clk 00:21:51]} {[%emt 00:01:18]} Nc4 {[%clk 00:04:18]} {[%emt 00:08:34]} 57.
Kc5 {[%clk 00:21:27]} {[%emt 00:00:54]} Nd2 {[%clk 00:03:54]} {[%emt 00:00:53]}
58. Nd4+ {[%clk 00:21:17]} {[%emt 00:00:41]} Kf6 {[%clk 00:04:21]} {[%emt
00:00:04]} 59. Kxd5 {[%clk 00:21:16]} {[%emt 00:00:30]} Nf1 {[%clk 00:04:30]}
{[%emt 00:00:21]} 60. Nc2 {[%clk 00:20:58]} {[%emt 00:00:48]} Ng3 {[%clk
00:04:52]} {[%emt 00:00:07]} 61. Nb4 {[%clk 00:19:11]} {[%emt 00:02:18]} Nf1
{[%clk 00:04:59]} {[%emt 00:00:23]} 62. Kd4 {[%clk 00:19:31]} {[%emt 00:00:10]}
Ke6 {[%clk 00:04:14]} {[%emt 00:01:15]} 63. Nd3 {[%clk 00:19:00]} {[%emt
00:01:01]} Kd6 {[%clk 00:02:51]} {[%emt 00:01:49]} 64. Ne5 {[%clk 00:18:07]}
{[%emt 00:01:27]} Ke6 {[%clk 00:03:04]} {[%emt 00:00:16]} 65. Nf3 {[%clk
00:18:09]} {[%emt 00:00:29]} Kf6 {[%clk 00:03:20]} {[%emt 00:00:14]} 66. Ng5
{[%clk 00:18:23]} {[%emt 00:00:17]} Kg6 {[%clk 00:02:54]} {[%emt 00:00:55]} 67.
Kd3 {[%clk 00:17:52]} {[%emt 00:01:01]} Ng3 {[%clk 00:03:04]} {[%emt 00:00:20]}
68. Kd2 {[%clk 00:17:39]} {[%emt 00:00:42]} Kh5 {[%clk 00:02:50]} {[%emt
00:00:44]} 69. Ke1 {[%clk 00:17:13]} {[%emt 00:00:56]} Kg4 {[%clk 00:02:29]}
{[%emt 00:00:51]} 70. Kf2 {[%clk 00:16:44]} {[%emt 00:01:00]} Nh5 {[%clk
00:02:36]} {[%emt 00:00:22]} 71. Nf7 {[%clk 00:16:44]} {[%emt 00:00:30]} Nxf4
{[%clk 00:02:25]} {[%emt 00:00:41]} 72. Ne5+ {[%clk 00:16:38]} {[%emt
00:00:37]} Kg5 {[%clk 00:02:46]} {[%emt 00:00:09]} 1/2-1/2

[Event "Deutsche Ländermeisterschaft 2024"]
[Site "Tübingen GER"]
[Date "2024.10.04"]
[Round "3"]
[White "Hoffmann, Sophia"]
[Black "Vranckx, Oscar"]
[Result "0-1"]
[Termination "normal"]
[Board "5.6"]
[WhiteElo "1720"]
[BlackElo "1933"]
[WhiteClock "00:01:02"]
[BlackClock "01:27:24"]
[WhiteTeam "Saarland & Friends"]
[BlackTeam "Rheinland-Pfalz"]
[PlyCount "46"]
[WhiteFideId "16259130"]
[BlackFideId "34608788"]
[EventCountry "GER"]
[EventRounds "7"]
[EventType "team-swiss"]
[EventDate "2024.10.02"]

1. d4 {[%clk 01:30:57]} {[%emt 00:00:03]} d5 {[%clk 01:30:55]} {[%emt
00:00:05]} 2. Bf4 {[%clk 01:31:22]} {[%emt 00:00:06]} c5 {[%clk 01:31:19]}
{[%emt 00:00:05]} 3. e3 {[%clk 01:31:47]} {[%emt 00:00:06]} cxd4 {[%clk
01:31:44]} {[%emt 00:00:06]} 4. exd4 {[%clk 01:32:08]} {[%emt 00:00:08]} Nc6
{[%clk 01:32:08]} {[%emt 00:00:05]} 5. c3 {[%clk 01:31:35]} {[%emt 00:01:04]}
f6 {[%clk 01:32:15]} {[%emt 00:00:24]} 6. Bd3 {[%clk 01:23:44]} {[%emt
00:08:20]} e5 {[%clk 01:32:33]} {[%emt 00:00:12]} 7. Qh5+ {[%clk 01:13:14]}
{[%emt 00:11:00]} g6 {[%clk 01:32:50]} {[%emt 00:00:13]} 8. Bxg6+ {[%clk
01:06:54]} {[%emt 00:06:50]} hxg6 {[%clk 01:33:09]} {[%emt 00:00:12]} 9. Qxh8
{[%clk 00:53:58]} {[%emt 00:13:27]} exf4 {[%clk 01:33:19]} {[%emt 00:00:19]}
10. Qxg8 {[%clk 00:52:38]} {[%emt 00:01:49]} Bf5 {[%clk 01:33:43]} {[%emt
00:00:06]} 11. Qh7 {[%clk 00:46:48]} {[%emt 00:06:20]} Qb6 {[%clk 01:32:15]}
{[%emt 00:01:58]} 12. Nf3 {[%clk 00:33:30]} {[%emt 00:13:48]} Qxb2 {[%clk
01:26:43]} {[%emt 00:06:02]} 13. O-O {[%clk 00:31:15]} {[%emt 00:02:45]} Qxa1
{[%clk 01:26:56]} {[%emt 00:00:16]} 14. Qxb7 {[%clk 00:20:17]} {[%emt
00:11:28]} Rc8 {[%clk 01:26:59]} {[%emt 00:00:26]} 15. Qb3 {[%clk 00:19:26]}
{[%emt 00:01:21]} Rb8 {[%clk 01:26:04]} {[%emt 00:01:25]} 16. Re1+ {[%clk
00:09:33]} {[%emt 00:10:24]} Be7 {[%clk 01:26:15]} {[%emt 00:00:19]} 17. Qxd5
{[%clk 00:07:27]} {[%emt 00:02:37]} Rxb1 {[%clk 01:25:45]} {[%emt 00:00:30]}
18. Qxc6+ {[%clk 00:07:19]} {[%emt 00:00:37]} Kf8 {[%clk 01:26:27]} {[%emt
00:00:17]} 19. Qa8+ {[%clk 00:01:03]} {[%emt 00:06:45]} Kg7 {[%clk 01:26:48]}
20. h3 {[%clk 00:01:03]} Rxe1+ {[%clk 01:26:48]} 21. Nxe1 {[%clk 00:00:51]}
{[%emt 00:01:32]} Qxe1+ {[%clk 01:27:29]} 22. Kh2 {[%clk 00:01:02]} {[%emt
00:00:28]} f3 {[%clk 01:27:24]} 23. Qxf3 {[%clk 00:01:02]} Bd6+ {[%clk
01:27:24]} 0-1